000 00365nam a2200157Ia 4500
003 OSt
005 20240321144707.0
008 170524s9999 xx 000 0 und d
020 _a0132738759
040 _cIIMTU MEERUT
100 _aMcWilliam -M
245 0 _aIllustrated Guide to food Preparation
260 _bSurjeet Pub.
260 _c2002
942 _2ddc
_c02
999 _c6502
_d6502